000 00541nam a22001817a 4500
005 20231107063934.0
008 231107b |||||||| |||| 00| 0 eng d
020 _a070215590
041 _aEnglish
082 _a346.5 HON
100 _aCameron, E et al.
_lEnglish
245 _aHonore's South African Law of Trusts /
_cE Cameron et al.
250 _aFifth Edition
260 _aCape Town :
_bJuta Law,
_c2002
300 _bxciv, 733 pages ;
_c27 cm.
650 _aLegal practice
_bLaw
942 _cBK
_6ALISON_BN_VRIES
999 _c341
_d341